[Event "Pinneberg-ch 37th"]
[Site "Pinneberg"]
[Date "2019.09.19"]
[Round "7"]
[White "Koch, Ralf Johannes"]
[Black "Iwanow, Thomas"]
[Result "1/2-1/2"]
[WhiteElo "1711"]
[BlackElo "1740"]
[PlyCount "83"]
[EventDate "2019.08.08"]
[EventType "swiss"]
[EventRounds "7"]
[EventCountry "GER"]
[SourceTitle "CBM 192 Extra"]
[Source "Chessbase"]
[SourceDate "2019.11.06"]
[SourceVersion "1"]
[SourceVersionDate "2019.11.06"]
[SourceQuality "1"]

1. e4 e6 2. b3 c5 3. Bb2 Nc6 4. Nf3 d6 5. Bd3 Nf6 6. Nc3 Be7 7. Ne2 Qc7 8. Ng3 Bd7 9. c3 Ne5 10. Nxe5 dxe5 11. Qe2 a6 12. 0-0 0-0 13. Rac1 Bc6 14. Bb1 Bb5 15. Bd3 Bxd3 16. Qxd3 Rad8 17. Qe3 Qd6 18. Rfd1 Qd3 19. Qxd3 Rxd3 20. Kf1 Rfd8 21. Ke2 h5 22. f3 h4 23. Nf1 Nh5 24. g3 hxg3 25. hxg3 Bg5 26. Rc2 f5 27. c4 Bf6 28. Rc3 R3d7 29. Rc2 g5 30. Bc3 Rd3 31. Kf2 b6 32. exf5 exf5 33. Ne3 Nxg3 34. Nd5 Nh5 35. Rh1 R8xd5 36. cxd5 Nf4 37. b4 Rxd5 38. bxc5 Nd3+ 39. Ke2 Nxc5 40. Bb4 e4 41. Bxc5 exf3+ 42. Kxf3 1/2-1/2

[Event "Pinneberg-ch 37th"]
[Site "Pinneberg"]
[Date "2019.09.05"]
[Round "5"]
[White "Koch, Ralf Johannes"]
[Black "Bremer, Wolfgang"]
[Result "1-0"]
[WhiteElo "1711"]
[BlackElo "1487"]
[PlyCount "67"]
[EventDate "2019.08.08"]
[EventType "swiss"]
[EventRounds "7"]
[EventCountry "GER"]
[SourceTitle "CBM 192 Extra"]
[Source "Chessbase"]
[SourceDate "2019.11.06"]
[SourceVersion "1"]
[SourceVersionDate "2019.11.06"]
[SourceQuality "1"]

1. e4 e5 2. Nf3 Nf6 3. d3 Nc6 4. g3 Be7 5. Bg2 d6 6. h3 h6 7. 0-0 0-0 8. c3 Bd7 9. Nbd2 b6 10. Kh2 Qc8 11. Ng1 Qa6 12. Nb3 Rad8 13. f4 Be6 14. c4 b5 15. f5 Bc8 16. Qe2 bxc4 17. dxc4 Qb6 18. Be3 Qb8 19. Rfc1 Bb7 20. Bf2 Qa8 21. Nd2 Rb8 22. b3 Bd8 23. Re1 Ne7 24. g4 c5 25. Bf3 Ba5 26. Rad1 Nc6 27. h4 Nd4 28. Bxd4 exd4 29. g5 hxg5 30. hxg5 Bxd2 31. gxf6 Bf4+ 32. Kh1 g5 33. Nh3 Rbe8 34. Nxf4 1-0

[Event "Pinneberg-ch 37th"]
[Site "Pinneberg"]
[Date "2019.08.29"]
[Round "4"]
[White "Weisshorn, Lasse"]
[Black "Koch, Ralf Johannes"]
[Result "1-0"]
[WhiteElo "1884"]
[BlackElo "1688"]
[PlyCount "53"]
[EventDate "2019.08.08"]
[EventType "swiss"]
[EventRounds "7"]
[EventCountry "GER"]
[SourceTitle "CBM 192 Extra"]
[Source "Chessbase"]
[SourceDate "2019.11.06"]
[SourceVersion "1"]
[SourceVersionDate "2019.11.06"]
[SourceQuality "1"]

1. e4 g6 2. d4 Bg7 3. Nf3 d6 4. Bc4 Nf6 5. Qe2 0-0 6. h3 Nfd7 7. e5 Nb6 8. Bb3 d5 9. Bf4 Nc6 10. c3 Bf5 11. Nbd2 Na5 12. Bd1 Nac4 13. Nf1 Rc8 14. b3 Na5 15. Ng3 Be6 16. Qe3 Nd7 17. Bh6 c5 18. Nh5 Bh8 19. Nf4 Bg7 20. Bxg7 Kxg7 21. Ng5 Qb6 22. Nfxe6+ fxe6 23. Bg4 Rc6 24. h4 cxd4 25. cxd4 Qb4+ 26. Kf1 Qb6 27. h5 1-0

[Event "Pinneberg-ch 37th"]
[Site "Pinneberg"]
[Date "2019.08.22"]
[Round "3"]
[White "Koch, Ralf Johannes"]
[Black "Hotze, Kurt"]
[Result "1-0"]
[WhiteElo "1688"]
[BlackElo "1599"]
[PlyCount "77"]
[EventDate "2019.08.08"]
[EventType "swiss"]
[EventRounds "7"]
[EventCountry "GER"]
[SourceTitle "CBM 192 Extra"]
[Source "Chessbase"]
[SourceDate "2019.11.06"]
[SourceVersion "1"]
[SourceVersionDate "2019.11.06"]
[SourceQuality "1"]

1. e4 c5 2. b3 d6 3. Nc3 Nf6 4. Bc4 a6 5. a4 Nc6 6. Nge2 Ne5 7. Bb2 Nxc4 8. bxc4 e5 9. 0-0 Be6 10. d3 g6 11. f4 Ng4 12. Rf3 exf4 13. Nd5 Ne5 14. Rxf4 Bg7 15. Rb1 0-0 16. Qe1 Rb8 17. Bc3 f5 18. Ba5 b6 19. Bxb6 Qd7 20. a5 g5 21. Rf1 fxe4 22. Rxf8+ Rxf8 23. Qg3 h6 24. Nec3 Ng4 25. Ne2 Be5 26. Qe1 Bxh2+ 27. Kh1 Be5 28. d4 Nf2+ 29. Kg1 Bg7 30. dxc5 Qf7 31. cxd6 Bxd5 32. cxd5 Ng4 33. c4 Qh5 34. Qg3 Be5 35. Qh3 Bh2+ 36. Kh1 Nf2+ 37. Bxf2 Qxe2 38. Qe6+ Kh7 39. Rb7+ 1-0

[Event "Pinneberg-ch"]
[Site "Pinneberg"]
[Date "2018.08.30"]
[Round "3"]
[White "Koch, Ralf Johannes"]
[Black "Bohn, Christoph"]
[Result "0-1"]
[WhiteElo "1651"]
[BlackElo "1738"]
[PlyCount "84"]
[EventDate "2018.08.16"]
[EventType "swiss"]
[EventRounds "7"]
[EventCountry "GER"]
[SourceTitle "EXT 2019"]
[Source "ChessBase"]
[SourceDate "2018.10.10"]
[SourceVersion "1"]
[SourceVersionDate "2018.10.10"]
[SourceQuality "1"]

1. d4 Nf6 2. Nf3 e6 3. Bf4 c5 4. e3 Qb6 5. Qc1 cxd4 6. exd4 Bb4+ 7. c3 Bd6 8. Bxd6 Qxd6 9. Nbd2 Nc6 10. Nc4 Qc7 11. Qg5 0-0 12. Ne3 h6 13. Qh4 Ne7 14. Bd3 Ng6 15. Bxg6 fxg6 16. Ne5 Kh7 17. Qg3 g5 18. f3 d6 19. Nd3 e5 20. dxe5 dxe5 21. h4 Nh5 22. Qh2 Nf4 23. 0-0-0 Qb6 24. Rhe1 Be6 25. hxg5 Nxd3+ 26. Rxd3 Qa6 27. Rd2 Qxa2 28. Kd1 Rad8 29. Rxd8 Rxd8+ 30. Ke2 Qxb2+ 31. Kf1 Qxc3 32. gxh6 gxh6 33. Qh4 Qd3+ 34. Kf2 Re8 35. Qf6 Qd2+ 36. Kf1 Qd4 37. Kf2 Qd2+ 38. Kf1 Qd6 39. Kf2 Rf8 40. Qh4 Rf4 41. Qg3 Qd2+ 42. Kf1 a5 0-1

[Event "Pinneberg-ch"]
[Site "Pinneberg"]
[Date "2018.08.16"]
[Round "1"]
[White "Koch, Ralf Johannes"]
[Black "Falk, Rolf"]
[Result "1-0"]
[WhiteElo "1651"]
[BlackElo "1199"]
[PlyCount "91"]
[EventDate "2018.08.16"]
[EventType "swiss"]
[EventRounds "7"]
[EventCountry "GER"]
[SourceTitle "EXT 2019"]
[Source "ChessBase"]
[SourceDate "2018.10.10"]
[SourceVersion "1"]
[SourceVersionDate "2018.10.10"]
[SourceQuality "1"]

1. e4 e5 2. Nc3 Nf6 3. g3 Nc6 4. Bg2 Bc5 5. Nge2 a6 6. 0-0 d6 7. Kh1 Ng4 8. Qe1 Nb4 9. f3 Nxc2 10. Qd1 Nf2+ 11. Rxf2 Nxa1 12. Rf1 0-0 13. d3 b5 14. Bd2 b4 15. Nd5 c6 16. Nxb4 Qb6 17. Qa4 Bd7 18. Rxa1 a5 19. Nc2 Rfb8 20. Bc3 Qa6 21. Ne1 Bb4 22. Qc2 c5 23. Rd1 Be6 24. a3 Bxc3 25. Qxc3 Rb3 26. Qd2 Rab8 27. Rb1 Qb6 28. Bf1 Qa6 29. Qc2 a4 30. Nc1 R3b6 31. Be2 Rc8 32. Qd2 c4 33. dxc4 Bxc4 34. Bxc4 Qxc4 35. Qd3 Qc5 36. Kg2 Rd8 37. Ne2 Rdb8 38. Rc1 Qa5 39. Qc2 Rxb2 40. Qxb2 Qd8 41. Qc2 Qd7 42. Nd3 g6 43. Nb4 Kg7 44. Qc6 Qe6 45. Rc4 Rd8 46. Nc3 1-0

[Event "Hamburg CC Easter op 4th"]
[Site "Hamburg"]
[Date "2018.03.30"]
[Round "2"]
[White "Klawitter, Rolf"]
[Black "Koch, Ralf Johannes"]
[Result "0-1"]
[WhiteElo "1473"]
[BlackElo "1745"]
[PlyCount "94"]
[EventDate "2018.03.30"]
[EventType "swiss"]
[EventRounds "7"]
[EventCountry "GER"]
[SourceTitle "CBM 183 Extra"]
[Source "ChessBase"]
[SourceDate "2018.04.19"]
[SourceVersion "1"]
[SourceVersionDate "2018.04.19"]
[SourceQuality "1"]

1. d4 g6 2. Bf4 d6 3. e3 Bg7 4. Nf3 c5 5. c3 Qb6 6. Qb3 Qxb3 7. axb3 cxd4 8. cxd4 Nf6 9. h3 0-0 10. Nc3 Nc6 11. Be2 Bf5 12. 0-0 Nb4 13. g4 Bd3 14. Bxd3 Nxd3 15. Bh2 Nb4 16. Ra4 Nc6 17. d5 Nd8 18. Rfa1 a6 19. Nb5 Nxd5 20. e4 Nb6 21. Ra5 Nc6 22. Nc7 Rac8 23. Nd5 Nxa5 24. Nxb6 Rc6 25. Nd5 Nxb3 26. Nxe7+ Kh8 27. Nxc6 Nxa1 28. Ncd4 Re8 29. Kf1 Rxe4 30. Ne2 d5 31. Nf4 d4 32. Ng5 Re7 33. Nd3 Nb3 34. Bd6 Rd7 35. Ke1 h6 36. Ne4 f5 37. gxf5 gxf5 38. Nec5 Nxc5 39. Bxc5 Kg8 40. f3 Kf7 41. Ba3 Ke8 42. f4 Bf8 43. Bxf8 Kxf8 44. Ne5 Re7 45. Kd2 Rxe5 46. fxe5 f4 47. Ke2 Ke7 0-1

[Event "Pinneberg-ch"]
[Site "Pinneberg"]
[Date "2017.10.19"]
[Round "7"]
[White "Fieron, Andreas"]
[Black "Koch, Ralf Johannes"]
[Result "0-1"]
[WhiteElo "1439"]
[BlackElo "1640"]
[PlyCount "50"]
[EventDate "2017.09.07"]
[EventType "swiss"]
[EventRounds "7"]
[EventCountry "GER"]
[SourceTitle "EXT 2019"]
[Source "ChessBase"]
[SourceDate "2018.10.10"]
[SourceVersion "1"]
[SourceVersionDate "2018.10.10"]
[SourceQuality "1"]

1. d4 Nf6 2. c4 c5 3. Nc3 cxd4 4. Qxd4 Nc6 5. Qd1 g6 6. Bf4 Bg7 7. e4 0-0 8. Nf3 Qa5 9. Be2 Nxe4 10. Bd2 Nxd2 11. Qxd2 Bxc3 12. bxc3 d6 13. 0-0 Ne5 14. Nd4 Qc5 15. Nb3 Qc7 16. Qd4 Be6 17. c5 Nc6 18. cxd6 Nxd4 19. dxc7 Nxe2+ 20. Kh1 Rfc8 21. Nd4 Nxd4 22. cxd4 Rxc7 23. Rfd1 Bd5 24. f3 Rac8 25. h4 Rc2 0-1

[Event "Pinneberg-ch"]
[Site "Pinneberg"]
[Date "2017.09.28"]
[Round "4"]
[White "Engels, Jan"]
[Black "Koch, Ralf Johannes"]
[Result "0-1"]
[WhiteElo "1289"]
[BlackElo "1640"]
[PlyCount "80"]
[EventDate "2017.09.07"]
[EventType "swiss"]
[EventRounds "7"]
[EventCountry "GER"]
[SourceTitle "EXT 2019"]
[Source "ChessBase"]
[SourceDate "2018.10.10"]
[SourceVersion "1"]
[SourceVersionDate "2018.10.10"]
[SourceQuality "1"]

1. c4 Nf6 2. Nc3 g6 3. Nf3 Bg7 4. e4 d6 5. d4 0-0 6. Bf4 Nh5 7. Bg3 Nxg3 8. hxg3 e5 9. d5 Nd7 10. g4 a5 11. g5 Nc5 12. g3 Bg4 13. Be2 Bxf3 14. Bxf3 Qxg5 15. Qd2 Qxd2+ 16. Kxd2 f5 17. exf5 gxf5 18. Be2 e4 19. f4 Rf6 20. Rh5 h6 21. Rg1 Raf8 22. Ke3 Rg6 23. g4 Bxc3 24. bxc3 Na4 25. Kd4 fxg4 26. Rxg4 Rxg4 27. Bxg4 Rxf4 28. Be6+ Kg7 29. Rf5 Rxf5 30. Bxf5 Nc5 31. Ke3 Kf6 32. Bh3 Ke5 33. Bg4 Na4 34. Kd2 Kf4 35. Bd1 Nc5 36. Bh5 e3+ 37. Ke2 Ne4 38. Kd3 Ng3 39. Kd4 e2 40. Bxe2 Nxe2+ 0-1

[Event "Pinneberg-ch"]
[Site "Pinneberg"]
[Date "2016.09.01"]
[Round "1"]
[White "Koch, Ralf Johannes"]
[Black "Falk, Rolf"]
[Result "1-0"]
[WhiteElo "1685"]
[BlackElo "1214"]
[PlyCount "75"]
[EventDate "2016.09.01"]
[EventType "swiss"]
[EventRounds "7"]
[EventCountry "GER"]
[SourceTitle "EXT 2018"]
[Source "ChessBase"]
[SourceDate "2017.10.13"]
[SourceVersion "1"]
[SourceVersionDate "2017.10.13"]
[SourceQuality "1"]

1. e4 c5 2. Nc3 e6 3. f4 Nc6 4. Nf3 Be7 5. Bb5 a6 6. Bxc6 bxc6 7. 0-0 d5 8. e5 c4 9. b3 Bc5+ 10. Kh1 Ne7 11. bxc4 Bb4 12. Bb2 Bxc3 13. Bxc3 0-0 14. Nd4 c5 15. Nb3 Qc7 16. d3 d4 17. Ba5 Qc6 18. Qf3 Nd5 19. cxd5 exd5 20. Bd2 Bb7 21. Na5 Qb6 22. Rab1 Qe6 23. Nxb7 Rac8 24. Nd6 Rb8 25. Qg3 Rxb1 26. Rxb1 f6 27. Rb7 g6 28. f5 fxe5 29. Qh4 h5 30. Qe7 Qxe7 31. Rxe7 gxf5 32. Rxe5 f4 33. Rf5 Rb8 34. Kg1 Rb1+ 35. Kf2 Rb2 36. Rxd5 Rxc2 37. Nc4 Rxa2 38. Rxc5 1-0

[Event "Kiel op-B 29th"]
[Site "Kiel"]
[Date "2016.08.04"]
[Round "8"]
[White "Farokhi, Keyvan"]
[Black "Koch, Ralf Johannes"]
[Result "1/2-1/2"]
[WhiteElo "1575"]
[BlackElo "1749"]
[PlyCount "120"]
[EventDate "2016.07.30"]
[EventType "swiss"]
[EventRounds "9"]
[EventCountry "GER"]
[SourceTitle "EXT 2017"]
[Source "ChessBase"]
[SourceDate "2016.10.25"]
[SourceVersion "1"]
[SourceVersionDate "2016.10.25"]
[SourceQuality "1"]

1. e4 d6 2. d4 Nf6 3. Nc3 g6 4. Be3 Bg7 5. f3 0-0 6. Qd2 c6 7. 0-0-0 Qa5 8. g4 b5 9. Kb1 b4 10. Nce2 Be6 11. Nc1 Na6 12. h4 h5 13. Bh6 Nc7 14. Bxg7 Kxg7 15. gxh5 Nxh5 16. Nge2 Rab8 17. Nf4 Nxf4 18. Qxf4 Rh8 19. Bh3 Bxh3 20. Rxh3 Ne6 21. Qe3 Qh5 22. d5 cxd5 23. Rxd5 Qh6 24. Qxh6+ Rxh6 25. Ra5 Rb7 26. Nd3 g5 27. h5 f6 28. Ra4 Kf8 29. Nxb4 Nc5 30. Ra5 Rxb4 31. Rxa7 Rb7 32. Ra3 Ne6 33. Re3 Nf4 34. Rh1 Rxh5 35. Rxh5 Nxh5 36. a4 Ke8 37. a5 Nf4 38. Ra3 Ne6 39. c3 Nc7 40. b4 Ra7 41. c4 Rb7 42. b5 Nxb5 43. cxb5 Rxb5+ 44. Kc2 Rb7 45. Kd3 Kd7 46. Kd4 e6 47. Kc4 Kc6 48. Ra4 Ra7 49. Ra3 f5 50. Ra2 fxe4 51. fxe4 g4 52. Rg2 d5+ 53. exd5+ exd5+ 54. Kd3 Rg7 55. a6 Kb6 56. Kd4 Rg5 57. Ra2 Ka7 58. Ke3 g3 59. Rg2 Kxa6 60. Kf4 Rg8 1/2-1/2

[Event "Lueneburg op-A"]
[Site "Lueneburg"]
[Date "2016.07.08"]
[Round "9"]
[White "Koch, Ralf Johannes"]
[Black "Heldt, Nils Lennart"]
[Result "0-1"]
[WhiteElo "1749"]
[BlackElo "1886"]
[PlyCount "140"]
[EventDate "2016.07.01"]
[EventType "swiss"]
[EventRounds "9"]
[EventCountry "GER"]
[SourceTitle "CBM 173 Extra"]
[Source "ChessBase"]
[SourceDate "2016.08.29"]
[SourceVersion "1"]
[SourceVersionDate "2016.08.29"]
[SourceQuality "1"]

1. e4 e6 2. d3 d5 3. Nd2 Nf6 4. g3 b6 5. Bg2 Bb7 6. e5 Nfd7 7. Ngf3 c5 8. 0-0 Nc6 9. Re1 Qc7 10. Qe2 Be7 11. h4 b5 12. Nf1 a5 13. Bf4 b4 14. Ne3 Ba6 15. Nxd5 exd5 16. e6 Qd8 17. exd7+ Qxd7 18. Ne5 Nxe5 19. Bxe5 0-0 20. Qf1 Rfe8 21. Bh3 Qc6 22. Qg2 Bb7 23. Qf3 c4 24. Bg2 Rac8 25. d4 a4 26. c3 b3 27. a3 Bf8 28. Bf4 Qg6 29. Bh3 Ra8 30. Re2 Rxe2 31. Qxe2 Bc6 32. h5 Qf6 33. Qe5 Qxe5 34. Bxe5 Re8 35. Kf1 f6 36. Bf4 g6 37. hxg6 hxg6 38. Rd1 Kf7 39. Bc1 Bd6 40. Re1 Rxe1+ 41. Kxe1 Ke7 42. Ke2 Bd7 43. Bg2 Be6 44. f4 Bg4+ 45. Bf3 Bxf3+ 46. Kxf3 f5 47. Kg2 Kf6 48. Kf2 Kg7 49. Kf3 Kh6 50. g4 fxg4+ 51. Kxg4 Be7 52. f5+ g5 53. f6 Bxf6 54. Kf5 Bd8 55. Ke5 Kh5 56. Kxd5 g4 57. Kxc4 g3 58. Be3 Be7 59. Kb5 Kg4 60. d5 Kf3 61. Bg1 Bxa3 62. Kxa4 Bd6 63. Kxb3 g2 64. c4 Bg3 65. c5 Bf2 66. Bh2 Bxc5 67. Kc4 Bd6 68. Bg1 Ke2 69. b4 Kf1 70. Kb5 Kxg1 0-1

[Event "Lueneburg op-A"]
[Site "Lueneburg"]
[Date "2016.07.07"]
[Round "8"]
[White "Schirmer, Werner"]
[Black "Koch, Ralf Johannes"]
[Result "1/2-1/2"]
[WhiteElo "1946"]
[BlackElo "1749"]
[PlyCount "63"]
[EventDate "2016.07.01"]
[EventType "swiss"]
[EventRounds "9"]
[EventCountry "GER"]
[SourceTitle "CBM 173 Extra"]
[Source "ChessBase"]
[SourceDate "2016.08.29"]
[SourceVersion "1"]
[SourceVersionDate "2016.08.29"]
[SourceQuality "1"]

1. e4 d6 2. d4 Nf6 3. Nc3 g6 4. Nf3 Bg7 5. h3 0-0 6. Be3 c6 7. a4 Qc7 8. Bd3 e5 9. 0-0 Nbd7 10. Re1 Re8 11. Qd2 b6 12. Rad1 Bb7 13. Bh6 Rad8 14. Bxg7 Kxg7 15. Qg5 exd4 16. Nxd4 Re5 17. Qd2 Re7 18. f4 a6 19. Qf2 c5 20. Nf3 c4 21. Bf1 Nc5 22. Nd5 Bxd5 23. exd5 Nce4 24. Qd4 b5 25. axb5 axb5 26. Ng5 Rde8 27. b3 Ng3 28. Rxe7 Rxe7 29. bxc4 Nxf1 30. Kxf1 Qxc4+ 31. Qxc4 bxc4 32. Rd4 1/2-1/2

[Event "Lueneburg VMCG op B"]
[Site "Lueneburg"]
[Date "2016.07.05"]
[Round "4"]
[White "Koch, Ralf Johannes"]
[Black "Baldauf, Karsten"]
[Result "1/2-1/2"]
[WhiteElo "1749"]
[BlackElo "1642"]
[PlyCount "48"]
[EventDate "2016.07.01"]
[EventType "swiss"]
[EventRounds "7"]
[EventCountry "GER"]
[SourceTitle "EXT 2024"]
[Source "ChessBase"]
[SourceDate "2023.10.10"]
[SourceVersion "1"]
[SourceVersionDate "2023.10.10"]
[SourceQuality "1"]

1. e4 c5 2. Nc3 e5 3. Bc4 d6 4. Nge2 g6 5. d3 Bg7 6. 0-0 Ne7 7. f4 Be6 8. f5 Bxc4 9. dxc4 f6 10. Nb5 Nc8 11. Ng3 a6 12. Nc3 Nc6 13. fxg6 hxg6 14. Qg4 N8e7 15. Nd5 Nxd5 16. Qxg6+ Kf8 17. cxd5 Ne7 18. Qg4 Qc8 19. Qf3 Qe8 20. Be3 Qg6 21. Nf5 Nxf5 22. Qxf5 Qxf5 23. Rxf5 Ke7 24. c4 Rh4 1/2-1/2

[Event "Lueneburg VMCG op B"]
[Site "Lueneburg"]
[Date "2016.07.04"]
[Round "3"]
[White "Reuter, Maximilian"]
[Black "Koch, Ralf Johannes"]
[Result "1-0"]
[WhiteElo "1795"]
[BlackElo "1749"]
[PlyCount "51"]
[EventDate "2016.07.01"]
[EventType "swiss"]
[EventRounds "7"]
[EventCountry "GER"]
[SourceTitle "EXT 2024"]
[Source "ChessBase"]
[SourceDate "2023.10.10"]
[SourceVersion "1"]
[SourceVersionDate "2023.10.10"]
[SourceQuality "1"]

1. e4 d6 2. Nc3 g6 3. f4 Bg7 4. Nf3 Nf6 5. Be2 0-0 6. 0-0 c5 7. d3 Nc6 8. Qe1 Nd4 9. Bd1 Bg4 10. Nxd4 cxd4 11. Ne2 e5 12. h3 Bxe2 13. Bxe2 Qc7 14. Bd1 Rac8 15. f5 Nd7 16. Bd2 b6 17. Rc1 Qb7 18. Qh4 f6 19. fxg6 hxg6 20. Bg4 Kf7 21. Bg5 Ke8 22. Qh7 Rf7 23. Be6 Nf8 24. Qg8 Rcc7 25. c3 Rfe7 26. Bxf6 1-0

[Event "Hamburg HSK Christmas op 1st"]
[Site "Hamburg"]
[Date "2015.12.29"]
[Round "7"]
[White "Dunne, Paul"]
[Black "Koch, Ralf Johannes"]
[Result "1-0"]
[WhiteElo "1913"]
[BlackElo "1751"]
[PlyCount "61"]
[EventDate "2015.12.27"]
[EventType "swiss"]
[EventRounds "7"]
[EventCountry "GER"]
[SourceTitle "EXT 2022"]
[Source "ChessBase"]
[SourceDate "2021.10.06"]
[SourceVersion "1"]
[SourceVersionDate "2021.10.06"]
[SourceQuality "1"]

1. e4 d6 2. d4 Nf6 3. Nc3 g6 4. f4 Bg7 5. Nf3 0-0 6. Bc4 c6 7. 0-0 Qc7 8. a4 Nbd7 9. Qe2 Nxe4 10. Qxe4 d5 11. Bxd5 cxd5 12. Nxd5 Qd8 13. Qxe7 Nb6 14. Qxd8 Rxd8 15. Ne7+ Kf8 16. Nxc8 Raxc8 17. c3 Nc4 18. Ne5 Nd6 19. Re1 f5 20. Re2 Ne4 21. Bd2 Ke7 22. Nd3 Kf6 23. Nf2 Nxd2 24. Rxd2 Re8 25. Kf1 Ke6 26. Re2+ Kd5 27. Rae1 Rxe2 28. Rxe2 Kc4 29. Re7 Bh6 30. g3 Rb8 31. Rxh7 1-0

[Event "Hamburg HSK Christmas op 1st"]
[Site "Hamburg"]
[Date "2015.12.28"]
[Round "3"]
[White "Bracker, Arne"]
[Black "Koch, Ralf Johannes"]
[Result "1-0"]
[WhiteElo "2231"]
[BlackElo "1751"]
[PlyCount "75"]
[EventDate "2015.12.27"]
[EventType "swiss"]
[EventRounds "7"]
[EventCountry "GER"]
[SourceTitle "EXT 2022"]
[Source "ChessBase"]
[SourceDate "2021.10.06"]
[SourceVersion "1"]
[SourceVersionDate "2021.10.06"]
[SourceQuality "1"]

1. e4 d6 2. d4 Nf6 3. Nc3 g6 4. f4 Bg7 5. Nf3 c6 6. Bd3 0-0 7. 0-0 Bg4 8. Qe1 Bxf3 9. Rxf3 Na6 10. a3 c5 11. d5 Nc7 12. Bc4 a6 13. a4 Qd7 14. Qe2 Rab8 15. a5 b6 16. axb6 Rxb6 17. Qd3 Rfb8 18. h3 Nb5 19. e5 dxe5 20. fxe5 Nd4 21. exf6 Nxf3+ 22. Qxf3 Rxf6 23. Qg3 Qd6 24. Qxd6 exd6 25. Rxa6 Rf5 26. Nb5 Re8 27. Bd2 Be5 28. Bc3 Bxc3 29. Nxc3 Rf4 30. b3 Re1+ 31. Kh2 Rf2 32. Bd3 f5 33. Kg3 Rd2 34. Rxd6 f4+ 35. Kxf4 Rxg2 36. Ne4 Reg1 37. Rd7 g5+ 38. Kf5 1-0

[Event "Hamburg HSK Christmas op 1st"]
[Site "Hamburg"]
[Date "2015.12.28"]
[Round "4"]
[White "Koch, Ralf Johannes"]
[Black "Becker, Thomas3333"]
[Result "0-1"]
[WhiteElo "1751"]
[BlackElo "1944"]
[PlyCount "62"]
[EventDate "2015.12.27"]
[EventType "swiss"]
[EventRounds "7"]
[EventCountry "GER"]
[SourceTitle "EXT 2022"]
[Source "ChessBase"]
[SourceDate "2021.10.06"]
[SourceVersion "1"]
[SourceVersionDate "2021.10.06"]
[SourceQuality "1"]

1. e4 c5 2. Nf3 e6 3. b4 cxb4 4. a3 d5 5. e5 Nc6 6. axb4 Bxb4 7. c3 Be7 8. d4 Bd7 9. Bd3 f5 10. 0-0 Nh6 11. Na3 Nf7 12. Re1 g6 13. c4 Nb4 14. cxd5 Nxd5 15. Nc2 0-0 16. Bd2 Bc6 17. Qb1 Qd7 18. Ra2 Rfb8 19. Qa1 b5 20. Rb1 Rb7 21. Nb4 Nxb4 22. Bxb4 Bxb4 23. Rxb4 Bxf3 24. gxf3 Nxe5 25. dxe5 Qxd3 26. Rd4 Qxf3 27. Rad2 Rc7 28. R2d3 Qc6 29. Qa2 Re8 30. Rd6 Qc4 31. Qa6 Qg4+ 0-1

[Event "Pinneberg-ch"]
[Site "Pinneberg"]
[Date "2015.09.17"]
[Round "4"]
[White "Homm, Marc Michael"]
[Black "Koch, Ralf Johannes"]
[Result "1-0"]
[WhiteElo "1972"]
[BlackElo "1660"]
[PlyCount "53"]
[EventDate "2015.08.28"]
[EventType "swiss"]
[EventRounds "7"]
[EventCountry "GER"]
[SourceTitle "EXT 2017"]
[Source "ChessBase"]
[SourceDate "2016.10.25"]
[SourceVersion "1"]
[SourceVersionDate "2016.10.25"]
[SourceQuality "1"]

1. f4 d5 2. Nf3 g6 3. g3 Bg7 4. Bg2 c5 5. 0-0 Nf6 6. d3 Nc6 7. Qe1 0-0 8. c3 Re8 9. e4 e5 10. Nxe5 Nxe5 11. fxe5 Rxe5 12. Bf4 Re8 13. Bg5 h6 14. Bxf6 Bxf6 15. Qf2 Kg7 16. Qxc5 dxe4 17. dxe4 Be6 18. Na3 b6 19. Qf2 Be7 20. Nc2 Bc5 21. Nd4 Bc4 22. Rfd1 Qe7 23. b4 Bd6 24. e5 Qxe5 25. Bxa8 Rxa8 26. Nc6 Qxc3 27. Rac1 1-0

[Event "Lueneburg op-A"]
[Site "Lueneburg"]
[Date "2015.08.15"]
[Round "1"]
[White "Jantzen, Hans Joerg"]
[Black "Koch, Ralf Johannes"]
[Result "1-0"]
[WhiteElo "2128"]
[BlackElo "1762"]
[PlyCount "85"]
[EventDate "2015.08.15"]
[EventType "swiss"]
[EventRounds "9"]
[EventCountry "GER"]
[SourceTitle "EXT 2016"]
[Source "ChessBase"]
[SourceDate "2015.10.08"]
[SourceVersion "1"]
[SourceVersionDate "2015.10.08"]
[SourceQuality "1"]

1. Nf3 Nf6 2. c4 g6 3. b4 c5 4. a3 Bg7 5. Bb2 Qb6 6. Qb3 0-0 7. e3 d6 8. Be2 Nc6 9. 0-0 e5 10. Nc3 Qd8 11. b5 Ne7 12. Rad1 b6 13. d4 Qc7 14. dxe5 dxe5 15. Nxe5 Bb7 16. Bf3 Bxf3 17. Nxf3 Rfd8 18. h3 Rxd1 19. Rxd1 Rd8 20. a4 Rd7 21. Kf1 Nf5 22. Rxd7 Qxd7 23. Qd1 Qxd1+ 24. Nxd1 Ne4 25. Bxg7 Kxg7 26. Ke2 f6 27. Kd3 Nfd6 28. Ng1 Kf7 29. Ne2 Ng5 30. Nf4 Ke7 31. Nd5+ Ke6 32. N1c3 Ngf7 33. f4 h5 34. g3 f5 35. Nc7+ Kd7 36. Na6 Nd8 37. a5 Nc8 38. axb6 axb6 39. e4 Nb7 40. e5 Na5 41. Nd5 Kd8 42. Nac7 Ne7 43. Na8 1-0

[Event "Kiel op-B 27th"]
[Site "Kiel"]
[Date "2014.08.06"]
[Round "7"]
[White "Bornhorst, Lars"]
[Black "Koch, Ralf Johannes"]
[Result "0-1"]
[WhiteElo "1652"]
[BlackElo "1750"]
[PlyCount "47"]
[EventDate "2014.08.02"]
[EventType "swiss"]
[EventRounds "9"]
[EventCountry "GER"]
[SourceTitle "CBM 161 Extra"]
[Source "ChessBase"]
[SourceDate "2014.08.29"]
[SourceVersion "1"]
[SourceVersionDate "2014.08.29"]
[SourceQuality "1"]

1. d4 Nf6 2. c4 g6 3. Nc3 Bg7 4. e4 d6 5. Nf3 0-0 6. Be2 Na6 7. h3 e5 8. Be3 Qe7 9. d5 Nd7 10. g4 Ndc5 11. g5 f5 12. gxf6 Qxf6 13. Qd2 Nb4 14. Nb5 Nba6 15. 0-0-0 Nxe4 16. Qe1 Bd7 17. Nc3 Nxc3 18. Qxc3 Nc5 19. Nd2 Bf5 20. b4 Ne4 21. Nxe4 Bxe4 22. Rhg1 c6 23. Bd3 cxd5 24. Bg5 0-1

[Event "Kiel op-B 27th"]
[Site "Kiel"]
[Date "2014.08.03"]
[Round "3"]
[White "Zielke, Bernd"]
[Black "Koch, Ralf Johannes"]
[Result "1/2-1/2"]
[WhiteElo "1699"]
[BlackElo "1750"]
[PlyCount "106"]
[EventDate "2014.08.02"]
[EventType "swiss"]
[EventRounds "9"]
[EventCountry "GER"]
[SourceTitle "CBM 161 Extra"]
[Source "ChessBase"]
[SourceDate "2014.08.29"]
[SourceVersion "1"]
[SourceVersionDate "2014.08.29"]
[SourceQuality "1"]

1. e4 d6 2. d4 Nf6 3. Nc3 g6 4. h3 Nbd7 5. Be3 c6 6. Nf3 Qc7 7. Be2 Bg7 8. 0-0 0-0 9. Qd2 e5 10. dxe5 dxe5 11. Bh6 Nc5 12. Bxg7 Kxg7 13. Qe3 Ne6 14. Rfd1 Nf4 15. Rd2 Be6 16. Rad1 Nxe2+ 17. Qxe2 h6 18. a3 b5 19. Qe3 a5 20. Qc5 Rfb8 21. b4 axb4 22. axb4 Ra3 23. Nxe5 Bc4 24. Nxc4 Rxc3 25. Qd6 Qa7 26. Ne3 Re8 27. Qd4 Qxd4 28. Rxd4 Nxe4 29. R1d3 Rxd3 30. Rxd3 c5 31. bxc5 Nxc5 32. Rd5 Rc8 33. f3 b4 34. Rd4 Rb8 35. Rc4 b3 36. cxb3 Nxb3 37. Rc3 Nd4 38. Rd3 Ne2+ 39. Kf2 Nf4 40. Rd2 Ne6 41. g3 Rd8 42. Rd5 Rxd5 43. Nxd5 f5 44. Ke3 g5 45. f4 Kg6 46. Kf3 Nd4+ 47. Kf2 Ne6 48. Ke3 Kf7 49. g4 gxf4+ 50. Nxf4 fxg4 51. hxg4 Ng5 52. Kd4 Nf3+ 53. Ke4 Nh2 1/2-1/2